02444cam a22004094i 4500003000900000005001700009008004100026020001700067035002600084040003300110082002100143100003600164245006500200264009900265300005600364336002100420337002500441338002300466490005700489504004300546505109100589526001001680526001001690526001001700526001001710526000801720526000801728526000801736526000801744526000801752526000801760526000801768541001601776630011001792650007901902650005301981PE-LiUPU20250731173344.0150706s2009 miua rb 000 0 eng d a978801036279 a(Sirsi) i978801036279 aPE-LiUPUbspacPE-LiUPUerda04a220.046bD142211 aDaly, Robert J.,d1933,eautor.10aApocalyptic thought in early christianity /cRobert J. Daly. 1aGrand Rapids, Mich. :bBaker Academic ; [Brookline, Mass.] : Holy Cross Orthodox Press,c2009. a303 páginas :bilustraciones ;c23 centímetros. atext2rdacontent aunmediated2rdamedia avolume2rdacarrier0 aHoly Cross studies in patristic theology and history aIncluye referencias bibliografícas.0 a" I Know Your Works":Grace and judgment in the Apocalypse -- Apocalyptic Themes In The Monumental And Minor Art Of Early Christianity -- Turning and Points in Early Christian Apocalypse Exegesis 81 -- "Faithful and True": Early Christian Apocalyptic and the Person of Christ 106 -- Pseudo-Hippolytus's In sanctum Pascha :A Mystery Apocalypse -- The Divine face and the Angels of the face: Jewish Apocalyptic themes in Early Christology and Pneumatology -- Hippolytus and Cyril of Jerusalem of the Antichrist: When Did an antichrist Theology First Emerge in Early Christian Baptismal Catechesis? -- Expectations of the end in Early Syriac Christianity -- Heavenly Mysteries: Themes from Apocalyptic Literature in the Macarian Homilies and Selected Other Fourth - Century Ascetical Writers -- Eschatological Horizons in the cappadocian Fathers -- Christ's Descent to Underworld in ancient Ritual and legend -- Temple and Angel: Apocalyptic Themes in the Theology of St. John Damascene -- Images of the Second Coming and the Fate of the Soul in Middle Byzantine art. aSEG42 aSEG41 aSEG40 aSEG39 aP94 aP87 aP86 aP85 aP77 aP76 aP35 g48101-1479;04aBiblia.pN.T.pApocalipsisxCrítica, Interpretación, etc.xHistoriayIglesia primitiva, ca. 30 - 600.14aFin del mundoxHistoria de las doctrinasyIglesia primitiva, ca. 30 - 600.24aLiteratura apocalípticaxHistoria y crítica.